000 00666nam a22002417i 4500
003 DO-SdBNP
005 20250320093734.0
007 ta
008 250320b2014 ||||| |||| 00| 0 spa d
040 _aDO-SdBNP
_bspa
_cBNPHU
_erda
082 _a056
_bC357
_222
245 _aCatàlogo 2014
264 _aSanto Domingo :
_bFundación Juan Bosch,
_c2014
300 _a19 paginas :
_bilustraciones ;
_c24 cm
336 _2rdacontent
_atexto
_btxt
337 _2rdamedia
_asin mediación
_bn
338 _2rdacarrier
_avolumen
_bnc
500 _aObras de don Juan
590 _aInventariado, 2025 / DG
650 _aCatàlogo
_977668
910 _aDG
942 _2ddc
_cLF2
999 _c58491
_d58491